Loading...
Thought - Philosophy | 2 | 4 | 0 | 0 | 70 | 15 | 80.00 | 2 | 6 |
Beliefs - Mythology | 0 | 4 | 1 | 2 | 35 | 106 | 127.25 | 0 | 3 |
Science - Other Science | 1 | 1 | 0 | 1 | 25 | 52 | 88.00 | 0 | 2 |
Arts - Music | 0 | 2 | 0 | 1 | 20 | 107 | 124.00 | 0 | 1 |
Literature - Euro Lit | 0 | 2 | 0 | 0 | 20 | 83 | 93.50 | 1 | 2 |
Arts - Other Arts | 0 | 2 | 1 | 2 | 15 | 129 | 133.00 | 0 | 0 |
History - World History | 1 | 0 | 0 | 0 | 15 | 34 | 34.00 | 1 | 1 |
Literature - American Lit | 0 | 2 | 1 | 0 | 15 | 114 | 119.50 | 0 | 1 |
Beliefs - Religion | 0 | 2 | 1 | 1 | 15 | 100 | 106.00 | 1 | 2 |
Science - Physics | 0 | 1 | 0 | 1 | 10 | 139 | 139.00 | 0 | 1 |
Other - Pop Culture | 0 | 1 | 0 | 1 | 10 | 137 | 137.00 | 0 | 0 |
Literature - British Lit | 0 | 1 | 1 | 1 | 5 | 146 | 146.00 | 0 | 0 |
Literature - World Lit | 0 | 1 | 1 | 0 | 5 | 69 | 69.00 | 1 | 1 |
Thought - Social Science | 0 | 0 | 0 | 0 | 0 | 0.00 | 0 | 0 | |
Science - Chemistry | 0 | 0 | 1 | 0 | -5 | 0.00 | 0 | 0 | |
History - Other History | 0 | 0 | 1 | 0 | -5 | 0.00 | 0 | 0 | |
History - American History | 0 | 0 | 3 | 0 | -15 | 0.00 | 0 | 0 |